00000000nam##2200000za#4500
0019.535504
003CaOODSP
00520200327080804
007ta
008150406|2001||||xxc|||||     f|0| 0 eng|d
020 |a0-660-61672-6
040 |aCaOODSP|beng
041 |aeng
041 |afre
043 |an-cn---
0861 |aBT31-4/26-2001
1101 |aCanada. |bTreasury Board.
24510|aCanadian Intergovernmental Conference Secretariat
260 |aOttawa - Ontario : |bTreasury Board of Canada Secretariat |c2001.
300 |aEnglish text, 17p. : |bgraphs, tables ; |c28 cm.
4901 |aPerformance report for the period ending March 31, 2001
546 |aBilingual
563 |aSoftcover
590 |a01-46|b2001-11-16
69007|aEstimates|2gcpds
69007|aFederal institutions|2gcpds
69007|aFederal provincial relations|2gcpds
7760#|tCanadian Intergovernmental Conference Secretariat, performance report for the period ending March 31, 2001 |w(CaOODSP)9.569151
7760#|tSecrétariat des conférences intergouvernementales canadiennes, rapport sur le rendement pour la période se terminant le 31 mars 2001 |w(CaOODSP)9.600389
792 |tSecrétariat des conférences intergouvernementales canadiennes |efre|w(CaOODSP)9.535505
830#0|aPerformance report for the period ending March 31, 2001.|w(CaOODSP)9.508980